| 000 | 00623cam a22002411 4500 | ||
|---|---|---|---|
| 001 | sa 64008387 | ||
| 003 | DLC | ||
| 005 | 20260227112054.0 | ||
| 008 | 890227s1960 xx 000 0 hin | ||
| 010 | _asa 64008387 | ||
| 035 | _a(OCoLC)23558039 | ||
| 040 |
_aDLC _cMiU _dDLC |
||
| 042 | _apremarc | ||
| 050 | 0 | 0 |
_aPK2903 _b.G3 |
| 100 | 1 | _aGairolā, Vācaspati. | |
| 245 | 1 | 0 | _aSaṃakṛta sāhitya kā itihāsa. |
| 260 | _c[1960] | ||
| 300 |
_a2, 38, 10, 1057 p. _c24 cm. |
||
| 490 | 0 | _a# | |
| 500 | _aIn Hindi. | ||
| 504 | _aBibliographical footnotes. | ||
| 650 | 0 |
_aSanskrit literature _xHistory and criticism |
|
| 999 |
_c60833 _d60833 |
||